000 00383nam a2200169Ia 4500
100 _aSomasundaram/S.L
650 _aThermodynamics
942 _cBK
366 _f17.5
654 _athermodynamics
245 _aEngineering thermodynamics
260 _bNew Age Int (P) Ltd
_aMumbai
_c1996
082 _a621.4021/SOM
_bSOM
300 _a293
546 _aENGLISH
999 _c29806
_d29806